Trí tuệ Do Thái = Jerome becomes a genius

Trí tuệ Do Thái là câu chuyện về một dân tộc Do Thái thông thạo với những phương pháp và kỹ thuật xây dựng và phát triển tầng lớp tri thức đã được giữ kín hàng ngàn năm như một bí mật mang tính văn hóa....

全面介绍

Đã lưu trong:
书目详细资料
主要作者: Katz, Eran
格式: 图书
语言:Undetermined
出版: Hà Nội Lao động 2016
主题:
标签: 添加标签
没有标签, 成为第一个标记此记录!
Thư viện lưu trữ: Trung tâm Học liệu Trường Đại học Cần Thơ
LEADER 00892nam a2200217Ia 4500
001 CTU_220979
008 210402s9999 xx 000 0 und d
020 |c 109000 
082 |a 153 
082 |b K11 
100 |a Katz, Eran 
245 0 |a Trí tuệ Do Thái = 
245 0 |b Jerome becomes a genius 
245 0 |c Eran Katz ; Phương Oanh (dịch) 
260 |a Hà Nội 
260 |b Lao động 
260 |c 2016 
520 |a Trí tuệ Do Thái là câu chuyện về một dân tộc Do Thái thông thạo với những phương pháp và kỹ thuật xây dựng và phát triển tầng lớp tri thức đã được giữ kín hàng ngàn năm như một bí mật mang tính văn hóa. 
650 |a Trí nhớ,Memory 
904 |i Hải 
980 |a Trung tâm Học liệu Trường Đại học Cần Thơ